Widok standardowy
Widok MARC
Pozycja Topical Term
Liczba rekordów, w których użyto hasła: 1
001 - Numer kontrolny
- control field: 40897
003 - Identyfikator numeru kontrolnego
- control field: NUKAT
005 - Data i czas ostatniej modyfikacji
- control field: 20260429132258.0
008 - Dane kontrolne kodowane (40 znaków)
- fixed length control field: 230725n||azznnbabn |a ana |c
010 ## - Numer kontrolny Biblioteki Kongresu
- numer kontrolny LC: p 2023192733
035 ## - Numer systemowy
- numer systemowy: (PL)a1000001229946
040 ## - Instytucja sporządzająca rekord
- inst. przygot. dane do rek. khw: WA N
- język haseł przedmiotowych/tezaurus: DBN
- inst. wprow. rek. khw: WA N
072 ## - Kod kategorii przedmiotu
- kod kategorii przedmiotu: 13
150 ## - Hasło - nazwa pospolita
- nazwa posp. lub nazwa geogr. na pocz.: Rewizjonizm historyczny
450 ## - Trop zob. - nazwa pospolita
- nazwa posp. lub nazwa geogr. na pocz.: Historical revisionism
550 ## - Trop zob. też - nazwa pospolita
- nazwa posp. lub nazwa geogr. na pocz.: Historikerstreit
550 ## - Trop zob. też - nazwa pospolita
- nazwa posp. lub nazwa geogr. na pocz.: Kłamstwo oświęcimskie
550 ## - Trop zob. też - nazwa pospolita
- nazwa posp. lub nazwa geogr. na pocz.: Nierzetelność w nauce
550 ## - Trop zob. też - nazwa pospolita
- nazwa posp. lub nazwa geogr. na pocz.: Prawa pamięci
550 ## - Trop zob. też - nazwa pospolita
- nazwa posp. lub nazwa geogr. na pocz.: Rewizjonizm terytorialny
550 ## - Trop zob. też - nazwa pospolita
- nazwa posp. lub nazwa geogr. na pocz.: Sprawa katyńska
680 ## - Uwaga ogólna przeznaczona do publicznej prezentacj
- tekst wyjaśniający: deskryptor
- hasło lub określnik: Rewizjonizm historyczny
- tekst wyjaśniający: Używamy w kontekście dążenia do podważenia dominujących w historiografii, czy szerzej w dyskursie publicznym, wyobrażeń o przeszłości i zastąpienia jej innymi, bardziej adekwatnymi interpretacjami. Termin opisuje zarówno pozytywne dążenia do reinterpretacji dotychczasowych narracji jak i negatywne zjawiska nierzetelności badawczej, manipulacji czy kłamstw, określanych również jako negacjonizm historyczny.